| 000 | 02782nam a2200325 i 4500 | ||
|---|---|---|---|
| 001 | 151428 | ||
| 003 | ES-MaACL | ||
| 005 | 20251111142720.0 | ||
| 008 | 970925m17841790sp ab |||| | spa d | ||
| 040 |
_aCYL _bspa _cCYL |
||
| 100 | 1 |
_aAlmodóvar, Pedro Jiménez de Góngora, _cDuque de, _d1727-1794 _9125620 |
|
| 245 | 1 | 0 |
_aHistoria politica de los Establecimientos Ultramarinos de las Naciones Europeas / _cpor Eduardo Malo de Luque. |
| 260 |
_aEn Madrid : _bpor D. Antonio de Sancha ..., _c1784-1790. |
||
| 300 |
_a5 v., 7 h. pleg., 14 mapas pleg. (XVI, 405 p., [3] de map., [2] h. pleg. ; XII, 252, VII, 213, 109 p., [3] h. pleg. ; XII, 336, IV, 68 p., [3] h. grab. pleg., [1] h. de map. pleg. ; XIII, 384, [2], 138 p., [1] h. de tab. pleg., [3] h. de grab. pleg. ; XVI, 607 p., [2] h. de grab.) ; _c21 cm. |
||
| 505 | 8 | _aMapas y planos incluidos: [V. 1: Pág. 33. Asia. Mapas generales. 1784. Pág. 200. Asia. S. Mapas generales. 1784. Pág. 282. Mozambique (Canal). Mapas generales. 1784.] | |
| 505 | 8 | _aMapas y planos incluidos: [V. 2: Pág. 1. Sonda (Islas) y Molucas (Islas). Mapas generales. 1785. Pág. 74. Arabia. Mapas generales. 1785. Pág. 106. India. S. Mapas generales. 1785. Pág. 182. India. N. Mapas generales. 1785.] | |
| 505 | 8 | _aMapas y planos incluidos: [V. 3: Mauricio (Isla)-Reunión (Isla)-Rodrigo (Isla). Mapas generales. 1786.] | |
| 505 | 8 | _aMapas y planos incluidos: [V. 4: Pág. 460. Pacífico. N. (Océano). Derroteros. 1788.] | |
| 505 | 8 | _aMapas y planos incluidos: [V. 5: Pág. 1. Asia. E. Mapas generales. 1788. Pág. 193. Filipinas (Islas). Mapas generales. 1788. Pág. 384. Manila (Filipinas) (Bahía). Mapas generales. 1787. Mapa del anexo. Rusia (Imperio). Mapas generales. 1788.] | |
| 530 | _aDisponible en formato digital. | ||
| 594 | _aEduardo Malo de Luque es un seud. de: Almodóvar, Pedro Jiménez de Góngora, Duque de. | ||
| 594 | _aTrad. abreviada de "Histoire philosophique et politique ..." de G.T.S. Raynal. Según Aguilar Piñal, V, 1855, es una adaptación de la obra en 10 v. del francés Raynal. | ||
| 595 | _aExiste otra ed. con los mismos datos bibliográficos, pero con algunas diferencias tipográficas. | ||
| 597 | _aSign.: *-2*4, A-Z4, 2A-2Z4, 3A-3D4, 3E3 ; Sign.: *4, 2*2, A-Z4, 2A-2H4,2I3, *4, A-Z4, 2A-2C4, a-n4, o3 ; Sign.: *4, 2*2, A-Z4, 2A-2T4, [ ]2, A-H4, I2 ; Sign. : *-2*4, A-Z4, 2A-2Z4 3A-3Z4, 4A-4G4. | ||
| 651 | 7 |
_aAsia- _xComercio exterior- _zEuropa _2 _9162631 |
|
| 651 | 4 |
_aEuropa- _xComercio exterior- _zAsia- _vHistoria. _9162630 |
|
| 852 |
_aES-MaACL _jR-1863-67 _z-- Enc. pasta española _z-- Legado Gustavo Sáenz Díez. Olim: F-6479-83. |
||
| 856 |
_uhttp://bdh-rd.bne.es/viewer.vm?id=0000000695&page=1 _zBiblioteca Digital Hispánica |
||
| 999 |
_c151428 _d151428 |
||